| 000 | 00970nam a2200289Ia 4500 | ||
|---|---|---|---|
| 001 | Para_749 | ||
| 003 | CHAP | ||
| 008 | 220125s1992 xx 000 0 und d | ||
| 010 | _a199474 | ||
| 040 | _cCHAP | ||
| 090 | _aPA TESIS 720 | ||
| 100 |
_aLaredo Villa, Alejandro _964907 |
||
| 245 |
_aControl quimico de la maleza en caña de azucar (Saccharum officinale L.) en Ursulu Galvan, Ver. / _c por Alejandro Laredo Villa |
||
| 260 |
_aChapingo, Méx. : _b El autor |
||
| 300 | _a70 h. | ||
| 502 | _aTesis (Ing. Agr. Esp. en Parasitología Agrícola) -- UACh. Depto. Parasitología | ||
| 650 |
_aCaña de azucar _x malas hierbas _xcontrol _918625 |
||
| 650 |
_aCaña de azucar _x Veracruz _9142616 |
||
| 710 |
_aUACh. Departamento Parasitología Agrícola _9164025 |
||
| 901 | _aPA TESIS 720 | ||
| 902 | _aA | ||
| 905 | _a0000001992 0000000000 00 | ||
| 910 | _a1992 | ||
| 942 | _cPARA | ||
| 942 |
_cPARA _d1 |
||
| 999 |
_c199474 _d199474 |
||